| 000 | 00519 a2200181 4500 | ||
|---|---|---|---|
| 003 | OSt | ||
| 005 | 20260307133359.0 | ||
| 008 | 260306b |||||||| |||| 00| 0 eng d | ||
| 020 | _a9789370984486 | ||
| 040 | _coclc | ||
| 082 |
_a894.8123 _bBEN/M |
||
| 100 |
_aBenyamin _96438 |
||
| 245 |
_aMULBERRY ENNODU NINTE ZORBAYEKKURICHU PARAYU / _cBENYAMIN |
||
| 250 | _a5thEd. | ||
| 260 |
_aKottayam: _bD C Books, _c2025. |
||
| 300 | _a731 pages | ||
| 942 |
_2ddc _cBK _h894.8123 _iBEN/M _k894.8123 _mBEN/M |
||
| 999 |
_c44656 _d44656 |
||